Die Slowakische Technische Hochschule in Bratislava, Träger des Ordens der Republik /
Guardado en:
| Otros Autores: | |
|---|---|
| Formato: | Libro |
| Lenguaje: | alemán eslovaco |
| Publicado: |
Bratislava:
Obzor,
1987
|
| Edición: | 1. vyd. |
| Materias: | |
| Etiquetas: |
Sin Etiquetas, Sea el primero en etiquetar este registro!
|
MARC
| LEADER | 00000nam a22000003a 4500 | ||
|---|---|---|---|
| 001 | 0024262 | ||
| 003 | SK-STU | ||
| 005 | 20170605101216.9 | ||
| 007 | ta | ||
| 008 | 170605s ----xo-----e------000-0-----d | ||
| 040 | |a STU |b slo | ||
| 041 | 0 | |a ger |h slo | |
| 044 | |a xo | ||
| 100 | 1 | |a Gabašová, Oľga |4 com | |
| 245 | 1 | 0 | |a Die Slowakische Technische Hochschule in Bratislava, Träger des Ordens der Republik / |c zost. Oľga Gabašová |
| 250 | |a 1. vyd. | ||
| 260 | |a Bratislava: |b Obzor, |c 1987 | ||
| 300 | |a 100 s. | ||
| 650 | 0 | 7 | |a Školy vysoké technické |
| 650 | 0 | 7 | |a SVŠT Bratislava |
| 996 | |b 284V040529 |c V* 9363/K-2443 |l VVT |s A |a 24 |w 0024262_0001 | ||